[Event "Saint Louis Blitz 2025"]
[Site "Saint Louis USA"]
[Date "2025.08.15"]
[Round "16.4"]
[White "Caruana, Fabiano"]
[Black "So, Wesley"]
[Result "1-0"]
[WhiteTitle "GM"]
[BlackTitle "GM"]
[WhiteElo "2784"]
[BlackElo "2745"]
[WhiteFideId "2020009"]
[BlackFideId "5202213"]
[EventDate "2025.08.14"]

1. e4 e5 2. Nc3 Nc6 3. g3 g6 4. Bg2 Bg7 5. d3 d6 6. f4 Nge7 7. Nf3 O-O 8. O-O
Be6 9. h3 h6 10. Be3 Qd7 11. Kh2 exf4 12. gxf4 d5 13. Bf2 dxe4 14. dxe4 Qxd1 15.
Rfxd1 Rad8 16. a3 Bxc3 17. bxc3 f5 18. Nd4 Nxd4 19. Bxd4 fxe4 20. Bxe4 Bd5 21.
Bd3 Rxf4 22. Rf1 Rxf1 23. Rxf1 b6 24. h4 Bf7 25. h5 g5 26. Bh7+ Kf8 27. Bg6 Nxg6
28. hxg6 Rd7 29. Rf6 Ke8 30. gxf7+ Rxf7 31. Rxh6 Rf5 32. Re6+ Kd7 33. Re5 Rf1
34. Rxg5 Ra1 35. Rg7+ Kd6 36. Kg3 Rxa3 37. Kf4 Ra5 38. Ke4 Rh5 39. c4 Rh4+ 40.
Kd3 Rh3+ 41. Kd2 Rh4 42. c5+ bxc5 43. Bf2 Rh2 44. Ke3 Kc6 45. Rxc7+ Kb6 46. Rf7
a5 47. Kd3 Rh5 48. Kc4 Kc6 49. Rf6+ 1-0

[Event "Saint Louis Blitz 2025"]
[Site "Saint Louis USA"]
[Date "2025.08.15"]
[Round "16.5"]
[White "Le, Quang Liem"]
[Black "Gukesh, D"]
[Result "1/2-1/2"]
[WhiteTitle "GM"]
[BlackTitle "GM"]
[WhiteElo "2729"]
[BlackElo "2776"]
[WhiteFideId "12401137"]
[BlackFideId "46616543"]
[EventDate "2025.08.14"]

1. d4 Nf6 2. c4 e6 3. Nf3 h6 4. Nc3 Bb4 5. e3 Bxc3+ 6. bxc3 d6 7. Bd3 O-O 8. O-O
e5 9. e4 Bg4 10. Re1 Nc6 11. d5 Ne7 12. h3 Bd7 13. c5 Ng6 14. Rb1 b6 15. c6 Bc8
16. Nh2 Nh7 17. Qh5 Ne7 18. f4 exf4 19. Bxf4 f5 20. Qe2 Ng6 21. Rf1 fxe4 22.
Qxe4 Bf5 23. Qxf5 Rxf5 24. Bxf5 Nxf4 25. Rxf4 Qg5 26. Rbf1 Nf6 27. Ng4 Nxg4 28.
Be6+ Kh7 29. Rxg4 Qe3+ 30. Kh2 Qe5+ 31. Rg3 g5 32. Rf5 Qe1 33. Rf7+ Kg6 34. Rgf3
Qe5+ 35. g3 h5 36. Kg2 g4 37. R3f4 Qe2+ 38. Rf2 Qe4+ 39. Kh2 Qe5 40. h4 Qxc3 41.
Rxc7 Rf8 42. Rxf8 Qd2+ 43. Kg1 Qe1+ 44. Kg2 Qe4+ 45. Kf2 Qd4+ 46. Kf1 Qd3+ 47.
Kg2 Qe4+ 48. Kf2 Qd4+ 49. Ke2 Qe4+ 50. Kd2 Qd4+ 51. Ke2 Qe4+ 52. Kf1 Qd3+ 53.
Kf2 Qd4+ 54. Kg2 Qe4+ 55. Kh2 Qe2+ 56. Kg1 Qe1+ 57. Kg2 Qe4+ 58. Kg1 Qe1+ 59.
Kg2 Qe4+ 1/2-1/2

[Event "Saint Louis Blitz 2025"]
[Site "Saint Louis USA"]
[Date "2025.08.15"]
[Round "17.1"]
[White "So, Wesley"]
[Black "Le, Quang Liem"]
[Result "1-0"]
[WhiteTitle "GM"]
[BlackTitle "GM"]
[WhiteElo "2745"]
[BlackElo "2729"]
[WhiteFideId "5202213"]
[BlackFideId "12401137"]
[EventDate "2025.08.14"]

1. e4 e5 2. Nf3 Nc6 3. Bc4 Bc5 4. c3 Nf6 5. d3 d6 6. Bg5 h6 7. Bh4 a6 8. h3 Ba7
9. Bb3 g5 10. Bg3 Ne7 11. Nbd2 Ng6 12. Bh2 Qe7 13. Qe2 Bd7 14. g4 O-O-O 15.
O-O-O Kb8 16. Bg3 Rdf8 17. d4 h5 18. dxe5 dxe5 19. Nc4 hxg4 20. Nfxe5 gxh3 21.
Nxd7+ Nxd7 22. Qf3 Nc5 23. Bc2 Qe6 24. Rd5 g4 25. Bxc7+ Ka8 26. Qf5 Ne7 27. Qxe6
fxe6 28. Rd2 b5 29. Ne5 Rfg8 30. b4 Na4 31. Nf7 Rh7 32. e5 Rxf7 33. Be4+ Nd5 34.
Rxd5 Kb7 35. Rd7+ Kc8 36. Rxf7 Nxc3 37. Bh7 Rh8 38. Bd6 Bxf2 39. Rxf2 g3 40.
Rxh3 gxf2 41. Rxc3+ Kd8 42. Rf3 Rxh7 43. Rxf2 Kd7 44. Rc2 Rh3 45. Kb2 1-0

[Event "Saint Louis Blitz 2025"]
[Site "Saint Louis USA"]
[Date "2025.08.15"]
[Round "17.2"]
[White "Gukesh, D"]
[Black "Vachier-Lagrave, Maxime"]
[Result "1/2-1/2"]
[WhiteTitle "GM"]
[BlackTitle "GM"]
[WhiteElo "2776"]
[BlackElo "2736"]
[WhiteFideId "46616543"]
[BlackFideId "623539"]
[EventDate "2025.08.14"]

1. d4 Nf6 2. Bf4 g6 3. e3 Bg7 4. h3 d6 5. Nf3 O-O 6. Nbd2 c5 7. c3 Qb6 8. Nc4
Qc7 9. Be2 Be6 10. Rc1 b5 11. Ncd2 a6 12. e4 Qb7 13. d5 Bc8 14. O-O Nbd7 15. b4
Re8 16. a4 e5 17. Be3 c4 18. Ra1 Nf8 19. Qc2 Bd7 20. Ra3 Nh5 21. Rfa1 Nf4 22.
Bf1 f5 23. axb5 axb5 24. Ra7 Rxa7 25. Rxa7 Qc8 26. Qa2 Nd3 27. Bb6 Bh6 28. Bc7
g5 29. Bxd6 g4 30. hxg4 fxg4 31. Nh4 Nxf2 32. Kxf2 Qd8 33. g3 Qf6+ 34. Nf5 Bxf5
35. exf5 e4 36. Bf4 e3+ 37. Kg2 Bxf4 38. gxf4 Qxf5 39. Nxc4 bxc4 40. Qxc4 Ng6
41. d6+ Kf8 42. Qd4 Nxf4+ 43. Kg1 Ne2+ 44. Bxe2 Qf2+ 45. Kh1 Qe1+ 46. Kg2 Qxe2+
47. Kg3 Qf2+ 48. Kxg4 Qg2+ 49. Kf4 Qf2+ 50. Kg4 Qg2+ 51. Kf5 Qf3+ 52. Kg5 Qg3+
53. Kf5 Qf3+ 54. Kg5 Qg3+ 55. Kf5 Qf3+ 1/2-1/2

[Event "Saint Louis Blitz 2025"]
[Site "Saint Louis USA"]
[Date "2025.08.15"]
[Round "17.3"]
[White "Abdusattorov, Nodirbek"]
[Black "Caruana, Fabiano"]
[Result "1-0"]
[WhiteTitle "GM"]
[BlackTitle "GM"]
[WhiteElo "2771"]
[BlackElo "2784"]
[WhiteFideId "14204118"]
[BlackFideId "2020009"]
[EventDate "2025.08.14"]

1. e4 e5 2. Nf3 Nc6 3. Bb5 a6 4. Bxc6 dxc6 5. O-O Qf6 6. d4 exd4 7. Bg5 Qd6 8.
Nxd4 Bd7 9. Bh4 c5 10. Ne2 Qh6 11. Bg3 O-O-O 12. Nbc3 Bc6 13. Qc1 Qxc1 14. Raxc1
h5 15. h4 Bd6 16. Rcd1 Bxg3 17. Nxg3 Ne7 18. Rxd8+ Kxd8 19. f3 f6 20. Kf2 Ke8
21. Rd1 Kf7 22. b3 g6 23. Nf1 b6 24. Ne3 Re8 25. Ne2 Rh8 26. c4 Rc8 27. Nc3 Be8
28. Ned5 Nc6 29. Ne2 Nb4 30. Rd2 Nxd5 31. cxd5 c6 32. Nc3 cxd5 33. Nxd5 b5 34.
Ke3 a5 35. Rc2 Ke6 36. a3 Rc6 37. Kf4 b4 38. axb4 cxb4 39. Ra2 Rc5 40. Ke3 a4
41. bxa4 b3 42. Ra3 b2 43. Rb3 Rc2 44. a5 Bc6 45. Nf4+ Kd6 46. Nd3 Rxg2 47. Nxb2
g5 48. hxg5 Rxg5 49. a6 h4 50. Nc4+ Kc7 51. Rb1 h3 52. a7 Rh5 53. Kf2 h2 54. Rh1
f5 55. e5 f4 56. e6 Kd8 57. Nb6 Ra5 58. Rxh2 Ra2+ 59. Kg1 Ra1+ 60. Kg2 Ra2+ 61.
Kh3 Bxf3 62. Rxa2 1-0

[Event "Saint Louis Blitz 2025"]
[Site "Saint Louis USA"]
[Date "2025.08.15"]
[Round "17.4"]
[White "Dominguez Perez, Leinier"]
[Black "Shankland, Sam"]
[Result "1-0"]
[WhiteTitle "GM"]
[BlackTitle "GM"]
[WhiteElo "2738"]
[BlackElo "2670"]
[WhiteFideId "3503240"]
[BlackFideId "2004887"]
[EventDate "2025.08.14"]

1. e4 c5 2. Nf3 d6 3. d4 cxd4 4. Nxd4 Nf6 5. Nc3 a6 6. Be2 e5 7. Nb3 Be7 8. Be3
Be6 9. f4 b5 10. a4 b4 11. Nd5 Nbd7 12. Qd3 exf4 13. Bxf4 Ne5 14. Bxe5 dxe5 15.
O-O-O Bxd5 16. exd5 Bd6 17. g4 O-O 18. g5 Nd7 19. h4 e4 20. Qxe4 Re8 21. Qf3 Ne5
22. Qf1 Qc7 23. Kb1 Rac8 24. Nd4 Bc5 25. d6 Qd7 26. Bxa6 Bxd4 27. Rxd4 Qxa4 28.
b3 Qa5 29. Bxc8 Rxc8 30. d7 Rd8 31. Qf5 g6 32. Qe4 Nxd7 33. Rxd7 1-0

[Event "Saint Louis Blitz 2025"]
[Site "Saint Louis USA"]
[Date "2025.08.15"]
[Round "17.5"]
[White "Aronian, Levon"]
[Black "Oparin, Grigoriy"]
[Result "0-1"]
[WhiteTitle "GM"]
[BlackTitle "GM"]
[WhiteElo "2737"]
[BlackElo "2660"]
[WhiteFideId "13300474"]
[BlackFideId "24125890"]
[EventDate "2025.08.14"]

1. e4 c5 2. Nf3 d6 3. Bb5+ Bd7 4. Bc4 e6 5. d3 b5 6. Bb3 Nc6 7. a4 b4 8. O-O Na5
9. Ba2 Nf6 10. e5 dxe5 11. Nxe5 Bd6 12. Bf4 Qc7 13. Re1 Nc6 14. Nxd7 Nxd7 15.
Bxd6 Qxd6 16. Nd2 O-O 17. Ne4 Qe5 18. c3 Rad8 19. Re3 Nf6 20. Nd2 Qc7 21. Rc1
bxc3 22. bxc3 Rd7 23. Qe2 Rfd8 24. g3 Kf8 25. Bc4 Na5 26. Bb5 Rd5 27. Nc4 Nb7
28. Rb1 Nd6 29. Nxd6 R5xd6 30. Bc4 Rb6 31. Rb5 Ne8 32. Re5 Rc6 33. Qe3 Nd6 34.
Rbxc5 Nxc4 35. dxc4 f6 36. Rxc6 0-1

[Event "Saint Louis Blitz 2025"]
[Site "Saint Louis USA"]
[Date "2025.08.15"]
[Round "18.1"]
[White "Caruana, Fabiano"]
[Black "Dominguez Perez, Leinier"]
[Result "1/2-1/2"]
[WhiteTitle "GM"]
[BlackTitle "GM"]
[WhiteElo "2784"]
[BlackElo "2738"]
[WhiteFideId "2020009"]
[BlackFideId "3503240"]
[EventDate "2025.08.14"]

1. e4 c5 2. Nf3 d6 3. d4 cxd4 4. Nxd4 Nf6 5. Nc3 a6 6. Bd3 e5 7. Nde2 Be6 8. O-O
Nc6 9. Ng3 g6 10. h3 h5 11. Be3 Bg7 12. Qd2 O-O 13. Rad1 Qc7 14. Bh6 Rad8 15.
Bxg7 Kxg7 16. Qg5 Nh7 17. Qe3 Ne7 18. Nge2 Qc5 19. Qg3 Nf6 20. Kh1 Nc6 21. a3 b5
22. b4 Qa7 23. f4 exf4 24. Nxf4 Ne5 25. Be2 Qe7 26. Rd4 Rc8 27. Rfd1 Rc6 28.
R1d2 Rfc8 29. Nd1 Rxc2 30. Rxc2 Rxc2 31. Ne3 Rc1+ 32. Kh2 Kf8 33. Qf2 Kg7 34.
Qg3 Kf8 35. Qf2 Rc6 36. Qf1 Kg7 37. Qf2 Rc3 38. a4 Qa7 39. axb5 axb5 40. Rd3 Qa3
41. Rxc3 Qxc3 42. Qg3 Qxb4 43. Nf5+ Bxf5 44. exf5 Qe4 45. fxg6 Nxg6 46. Nxh5+
Nxh5 47. Bxh5 Qe5 48. Bd1 b4 49. Bb3 f5 50. Bc2 Kf6 51. Bb3 Ne7 52. h4 Nc6 53.
Kh3 Qxg3+ 54. Kxg3 Na5 55. Bc2 b3 56. Bd3 b2 57. Kf4 Nc4 58. h5 Nd2 59. h6 b1=Q
60. Bxb1 Nxb1 61. h7 Kg7 62. Kxf5 Nd2 63. Ke6 Ne4 64. Kd5 Ng5 65. Kxd6 Kxh7 66.
g3 Kg6 67. Kc7 Ne4 68. Kb8 Nxg3 1/2-1/2

[Event "Saint Louis Blitz 2025"]
[Site "Saint Louis USA"]
[Date "2025.08.15"]
[Round "18.2"]
[White "Shankland, Sam"]
[Black "Aronian, Levon"]
[Result "0-1"]
[WhiteTitle "GM"]
[BlackTitle "GM"]
[WhiteElo "2670"]
[BlackElo "2737"]
[WhiteFideId "2004887"]
[BlackFideId "13300474"]
[EventDate "2025.08.14"]

1. d4 Nf6 2. c4 e6 3. Nf3 b6 4. a3 Bb7 5. Nc3 Ne4 6. Nxe4 Bxe4 7. e3 Be7 8. Bd3
Bxd3 9. Qxd3 d6 10. e4 Nd7 11. Be3 a6 12. O-O-O Qc8 13. e5 Qb7 14. d5 Nxe5 15.
Nxe5 dxe5 16. dxe6 fxe6 17. Qd7+ Kf7 18. Rd6 Qxg2 19. Qxe6+ Kf8 20. Qf5+ Kg8 21.
Qe6+ Kf8 22. Qf5+ Kg8 23. Rdd1 Qc6 24. Kb1 Rf8 25. Qxe5 Bf6 26. Qd5+ Qxd5 27.
Rxd5 h5 28. h4 Rh7 29. Kc2 Re8 30. Rg1 Bxh4 31. Rh1 g5 32. Bxg5 Bxf2 33. Bf6 h4
34. Rf5 Bg3 35. Rg5+ Kf7 36. Rxg3 hxg3 0-1

[Event "Saint Louis Blitz 2025"]
[Site "Saint Louis USA"]
[Date "2025.08.15"]
[Round "18.3"]
[White "Oparin, Grigoriy"]
[Black "Gukesh, D"]
[Result "1/2-1/2"]
[WhiteTitle "GM"]
[BlackTitle "GM"]
[WhiteElo "2660"]
[BlackElo "2776"]
[WhiteFideId "24125890"]
[BlackFideId "46616543"]
[EventDate "2025.08.14"]

1. e4 e5 2. Nf3 Nc6 3. Nc3 Nf6 4. h3 Bb4 5. Bd3 O-O 6. O-O Bxc3 7. bxc3 Re8 8.
Re1 d5 9. exd5 Qxd5 10. c4 Qd6 11. Ng5 h6 12. Ne4 Qd8 13. Rb1 Rb8 14. Qf3 Nxe4
15. Qxe4 f5 16. Qd5+ Be6 17. Qxd8 Rexd8 18. f3 Kf7 19. Bb2 Nb4 20. Bxe5 Nxd3 21.
cxd3 Rxd3 22. c5 Rxd2 23. Bxc7 Rc8 24. Bf4 Rd7 25. Be3 Bxa2 26. Ra1 Bc4 27. Rxa7
Ba6 28. Bf2 Re7 29. Rb1 Re6 30. Rd1 Ke7 31. h4 g5 32. Rd5 Kf6 33. Rd7 g4 34.
fxg4 fxg4 35. Kh2 Kg6 36. Kg3 h5 37. Bd4 Re4 38. Rd6+ Kf7 39. c6 Re7 40. cxb7
Bxb7 41. Rb6 Bc6 42. Rxe7+ Kxe7 43. Ra6 Kd7 44. Ra7+ Ke6 45. Rh7 Be8 46. Kf4 Rc4
47. Ke3 Ra4 48. Rh6+ Kd5 49. Rh8 Bg6 50. Rd8+ Ke6 51. Rb8 Ra2 52. Rb6+ Kd5 53.
Rxg6 Ra3+ 54. Kf4 Kxd4 55. Rg5 Ra2 56. Kg3 Ra3+ 57. Kh2 Ke4 58. Rxh5 Kf4 59. Rh8
Kf5 60. Rf8+ Kg6 61. Rf4 Kh5 62. g3 Ra2+ 63. Kg1 Ra3 64. Kg2 Ra2+ 65. Rf2 Ra5
66. Rd2 Rb5 67. Kf2 Rf5+ 68. Kg2 Rb5 69. Rd3 Rb2+ 70. Kf1 Rb5 71. Kf2 Re5 72.
Rc3 Kg6 73. Re3 Ra5 74. Re4 Kh5 75. Rd4 Rf5+ 76. Ke2 Re5+ 77. Kd3 Rf5 78. Ke4
Rf3 79. Rd3 Rf1 80. Rd5+ Kh6 81. Rg5 Re1+ 82. Kf4 Ra1 83. Kxg4 Ra4+ 84. Kh3 Rc4
85. Re5 Kg6 86. Kg2 Rb4 87. Kf3 Rb3+ 88. Kf4 Rb4+ 89. Re4 Rb1 90. Re6+ Kf7 91.
Re5 Kg6 92. h5+ Kh6 93. g4 Rf1+ 94. Kg3 Rg1+ 95. Kf3 Rf1+ 96. Kg2 Ra1 97. Rf5
Ra3 98. Rf3 Ra5 99. Kg3 Kg5 100. Re3 Rb5 101. Kf3 Ra5 102. Rd3 Rb5 103. Rd4 Rb3+
104. Kf2 Rc3 105. Re4 Ra3 106. Re3 Ra4 107. Rg3 Ra2+ 108. Kf3 Ra3+ 109. Kg2 Ra1
110. Kh2 Rb1 111. Rg1 Rb3 112. Rg2 Rc3 113. Rg3 Rc1 114. Kh3 Rh1+ 115. Kg2 Ra1
116. Kh3 Rh1+ 117. Kg2 Ra1 118. Kh3 Rh1+ 1/2-1/2

[Event "Saint Louis Blitz 2025"]
[Site "Saint Louis USA"]
[Date "2025.08.15"]
[Round "18.5"]
[White "Le, Quang Liem"]
[Black "Abdusattorov, Nodirbek"]
[Result "1/2-1/2"]
[WhiteTitle "GM"]
[BlackTitle "GM"]
[WhiteElo "2729"]
[BlackElo "2771"]
[WhiteFideId "12401137"]
[BlackFideId "14204118"]
[EventDate "2025.08.14"]

1. d4 Nf6 2. Nf3 d5 3. c4 e6 4. Nc3 dxc4 5. e3 a6 6. a4 b6 7. Bxc4 Bb7 8. O-O
Bb4 9. Qe2 O-O 10. Rd1 Nbd7 11. d5 exd5 12. Nxd5 Nxd5 13. Bxd5 Bxd5 14. Rxd5 Qe7
15. e4 Bd6 16. Bg5 f6 17. Bh4 Rfe8 18. Bg3 Qf7 19. Rad1 Nc5 20. Bxd6 cxd6 21.
Rxd6 Nxe4 22. Rd7 Nc5 23. Rxf7 Rxe2 24. Rc7 a5 25. h4 Rae8 26. b3 R8e7 27. Rxe7
Rxe7 28. Rd6 Re6 29. Rxe6 Nxe6 30. Kf1 Kf7 31. g3 Ke7 32. Ke2 Kd6 33. Kd3 Kd5
34. Nd2 Nc5+ 35. Kc3 Ne4+ 36. Nxe4 Kxe4 37. Kc4 Kf3 38. Kb5 f5 39. Kxb6 Kxf2 40.
Kxa5 Kxg3 41. b4 f4 42. b5 f3 43. b6 f2 44. b7 f1=Q 45. b8=Q+ Kxh4 46. Qh2+ Qh3
47. Qxh3+ Kxh3 48. Kb5 g5 49. a5 g4 50. a6 g3 51. a7 g2 52. a8=Q g1=Q 53. Qf3+
Qg3 54. Qf5+ Qg4 55. Qxh7+ Qh4 56. Qxh4+ Kxh4 1/2-1/2